All 1M+ Cities by Letter - K - Statistics

General Stats
  • This quiz has been taken 322 times
  • The average score is 20 of 35
Answer Stats
Country (State) Population (Millions) City Name % Correct
Ukraine 3.5 Kiev
100%
Kuwait 4.7 Kuwait City
100%
Afghanistan 4.2 Kabul
98%
DRC 12 Kinshasa
98%
Malaysia 8.7 Kuala Lumpur
98%
Pakistan 17.3 Karachi
97%
Nepal 3.025 Kathmandu
97%
Sudan 6.2 Khartoum
97%
India (West Bengal) 16.6 Kolkata
94%
Uganda 3.4 Kampala
91%
USA (Missouri) 1.98 Kansas City
89%
Rwanda 1.14 Kigali
83%
Nigeria 4.6 Kano
82%
Ukraine 1.65 Kharkiv
78%
Poland 2.35 Katowice
74%
Russian 1.26 Kazan
59%
China (Yunnan) 4.1 Kunming
57%
Ghana 2.95 Kumasi
53%
Taiwan 2.8 Kaohsiung
49%
India (Uttar Pradesh) 3.425 Kanpur
48%
Russia 1.13 Krasnoyarsk
39%
Turkey 1.29 Konya
35%
Iraq 1.00 Kirkuk
34%
India (Kerala) 1.58 Kochi
31%
Nigeria 1.83 Kaduna
30%
Japan 2.025 Kitakyushu
30%
DRC 1.12 Kisangani
29%
Turkey 1.1 Kayseri
24%
DRC 1.19 Kananga
22%
Bangladesh 1.1 Khulna
21%
Japan 1.15 Kumamoto
20%
India (Rajasthan) 1.33 Kota
19%
China (Henan) 1.21 Kaifeng
17%
India (Kerala) 1.01 Kozhikode
14%
Indonesia 1.18 Karawang
8%
No matching quizzes found
Score Distribution
Percent of People with Each Score
Percentile by Number Answered
Your Score History
You have not taken this quiz